000 00348nam a22001577a 4500
003 MACL
005 20151126160513.0
008 151126b xxu||||| |||| 00| 0 eng d
040 _cMACL
041 _aEnglish
082 _a820/GAN
100 _aGangopadhyay,Avik
_918386
245 _aDiaspora
650 _aLiterature
_918387
942 _2ddc
_cBK
999 _c51189
_d51189